The Environment (Protection) Act, 1986 (Record no. 96825)

MARC details
000 -LEADER
fixed length control field 00622nam a2200217Ia 4500
005 - DATE AND TIME OF LATEST TRANSACTION
control field 20230502185043.0
008 - FIXED-LENGTH DATA ELEMENTS--GENERAL INFORMATION
fixed length control field 230125s9999 xx 000 0 und d
041 ## - LANGUAGE CODE
Language code of text/sound track or separate title eng
082 ## - DEWEY DECIMAL CLASSIFICATION NUMBER
Classification number 344.01
Item number PRO
100 ## - MAIN ENTRY--PERSONAL NAME
Author Professional Book Publishers
245 ## - TITLE STATEMENT
Title The Environment (Protection) Act, 1986
250 ## - EDITION STATEMENT
Edition statement 1st Ed.
260 ## - PUBLICATION, DISTRIBUTION, ETC.
Date of publication, distribution, etc. 2020
Name of publisher, distributor, etc. Professional Book Publisher.
Place of publication, distribution, etc. Delhi
300 ## - PHYSICAL DESCRIPTION
Extent 526p
500 ## - GENERAL NOTE
Keywords Bare Acts;Environment Protection Act<br/>
650 ## - SUBJECT ADDED ENTRY--TOPICAL TERM
Topical term or geographic name entry element Bare Acts;Environment Protection Act
700 ## - ADDED ENTRY--PERSONAL NAME
Personal name Professional Book Publishers
942 ## - ADDED ENTRY ELEMENTS (KOHA)
Koha item type Books
906 ## - LOCAL DATA ELEMENT F, LDF (RLIN)
b 105
Holdings
Withdrawn status Lost status Damaged status Not for loan Home library Current library Date acquired Vendor Net Price Bill number Total Checkouts Full call number Barcode Date last seen Actual Price Bill Date Koha item type Original Barcode
        Smt. Hiraben Nanavati Institute of Management & Research for Women Smt. Hiraben Nanavati Institute of Management & Research for Women 13/03/2021 Forward Books 420.00 11381   344.01 PRO B21747 HIMR-BK-21747 25/01/2023 315.00 12/03/2021 Books B21747